[Event "34. Abierto Collado Villalba 2017"]
[Site "Collado Villalba ESP"]
[Date "2017.08.30"]
[Round "9.2"]
[White "Aranda Marin, Cristian"]
[Black "Elissalt Cardenas, Hector"]
[Result "1/2-1/2"]
[WhiteElo "2263"]
[BlackElo "2360"]
[PlyCount "130"]
[EventDate "2017.08.22"]
[EventType "swiss"]
[EventRounds "9"]
[EventCountry "ESP"]
[SourceTitle "Ajedrez en Madrid"]
[Source "lmi"]
[SourceDate "2017.08.22"]
[SourceVersion "1"]
[SourceVersionDate "2018.03.05"]
[SourceQuality "1"]

1. e4 c5 2. Nc3 Nc6 3. Bb5 g6 4. Nf3 Bg7 5. O-O Nd4 6. Nxd4 cxd4 7. Ne2 Nf6 8.
d3 O-O 9. Ba4 d5 10. f3 Nd7 11. Bb3 dxe4 12. fxe4 Nc5 13. Bc4 Be6 14. Bxe6 Nxe6
15. Bd2 Qb6 16. Rb1 Rac8 17. Kh1 Qd6 18. Rf3 Rc6 19. c4 dxc3 20. bxc3 Nc5 21.
Bf4 e5 22. Bg3 Qd7 23. Bf2 b6 24. Bxc5 Rxc5 25. Qb3 Kh8 26. Rbf1 f6 27. d4 exd4
28. cxd4 Rb5 29. Qd3 Re8 30. Nf4 Ra5 31. e5 Qf5 32. Qxf5 gxf5 33. e6 Bh6 34.
Re1 Bxf4 35. Rxf4 Rd5 36. g4 fxg4 37. Rxg4 f5 38. Rg5 Rd6 39. Rxf5 Rexe6 40.
Rxe6 Rxe6 41. Rf7 a6 42. Kg2 Re3 43. Kf2 Rd3 44. Rf4 Kg7 45. Ke2 Ra3 46. d5 Ra5
47. Rd4 Kf7 48. a4 Ke7 49. Kd3 Kd6 50. Ke4 b5 51. axb5 Rxb5 52. Rd2 a5 53. Rd3
h5 54. h3 a4 55. Rd4 Ra5 56. Rc4 a3 57. Rc6+ Kd7 58. Rc1 a2 59. Ra1 Kd6 60. h4
Ra8 61. Kf5 Ra5 62. Kg6 Kxd5 63. Kxh5 Kc4+ 64. Kg6 Kb3 65. h5 Kb2 1/2-1/2

[Event "34. Abierto Collado Villalba 2017"]
[Site "Collado Villalba ESP"]
[Date "2017.08.30"]
[Round "9.3"]
[White "Longa Yauca, Javier"]
[Black "Hernando Pertierra, Jose Carlos"]
[Result "0-1"]
[WhiteElo "2261"]
[BlackElo "2348"]
[PlyCount "90"]
[EventDate "2017.08.22"]
[EventType "swiss"]
[EventRounds "9"]
[EventCountry "ESP"]
[SourceTitle "Ajedrez en Madrid"]
[Source "lmi"]
[SourceDate "2017.08.22"]
[SourceVersion "1"]
[SourceVersionDate "2018.03.05"]
[SourceQuality "1"]

1. d4 Nf6 2. Nf3 b6 3. g3 e6 4. Bg2 Bb7 5. Bg5 c5 6. c3 Be7 7. O-O O-O 8. a4
Nc6 9. Nbd2 d5 10. e3 h6 11. Bxf6 Bxf6 12. Re1 Rb8 13. Qc2 Be7 14. Rad1 Qc7 15.
Qb1 Rfd8 16. Qa2 Bf6 17. Nb3 Be7 18. Bf1 a5 19. Nbd2 g5 20. Nb1 g4 21. Nfd2 e5
22. Na3 cxd4 23. exd4 e4 24. Be2 Qd7 25. Nf1 f5 26. Nc2 Kg7 27. Nce3 Qe6 28.
Ng2 Bd6 29. Nfe3 Ne7 30. b3 h5 31. c4 Qf6 32. cxd5 Bxd5 33. Nxd5 Nxd5 34. Rc1
Rbc8 35. Bc4 Nb4 36. Qe2 Nc6 37. Red1 Nxd4 38. Qe3 Nf3+ 39. Kh1 h4 40. Nf4 Bxf4
41. gxf4 Rxd1+ 42. Rxd1 Rd8 43. Rc1 Qd4 44. Be2 Qxe3 45. fxe3 Rd2 0-1

[Event "34. Abierto Collado Villalba 2017"]
[Site "Collado Villalba ESP"]
[Date "2017.08.30"]
[Round "9.4"]
[White "Semprun Martinez, Fernando"]
[Black "Valles Moreno, Ivan"]
[Result "0-1"]
[WhiteElo "2193"]
[BlackElo "2435"]
[PlyCount "50"]
[EventDate "2017.08.22"]
[EventType "swiss"]
[EventRounds "9"]
[EventCountry "ESP"]
[SourceTitle "Ajedrez en Madrid"]
[Source "lmi"]
[SourceDate "2017.08.22"]
[SourceVersion "1"]
[SourceVersionDate "2018.03.05"]
[SourceQuality "1"]

1. e4 e5 2. Nf3 Nc6 3. Bc4 Nf6 4. d3 Bc5 5. c3 d6 6. Bb3 h6 7. Nbd2 a5 8. a4
Be6 9. Bxe6 fxe6 10. Nc4 O-O 11. O-O Ba7 12. Be3 Qe8 13. Bxa7 Rxa7 14. Re1 Qg6
15. Nh4 Qf7 16. g3 Nh7 17. Rf1 g5 18. Ng2 Qg6 19. Nd2 Raa8 20. Qe2 Rf7 21. f3
Raf8 22. Rf2 g4 23. f4 Ng5 24. Qxg4 exf4 25. Nxf4 Rxf4 0-1

[Event "34. Abierto Collado Villalba 2017"]
[Site "Collado Villalba ESP"]
[Date "2017.08.30"]
[Round "9.5"]
[White "Mkrtchyan, Levon"]
[Black "Pastor Alonso de Prado, Emilio Alberto"]
[Result "0-1"]
[WhiteElo "1964"]
[BlackElo "2176"]
[PlyCount "88"]
[EventDate "2017.08.22"]
[EventType "swiss"]
[EventRounds "9"]
[EventCountry "ESP"]
[SourceTitle "Ajedrez en Madrid"]
[Source "lmi"]
[SourceDate "2017.08.22"]
[SourceVersion "1"]
[SourceVersionDate "2018.03.05"]
[SourceQuality "1"]

1. e4 b6 2. d4 Bb7 3. Bd3 Nf6 4. Qe2 Nc6 5. c3 e5 6. Nf3 Bd6 7. O-O O-O 8. Bg5
h6 9. Bh4 Re8 10. d5 Nb8 11. Nbd2 Be7 12. Bg3 d6 13. a4 a5 14. Bb5 Rf8 15. Ne1
Nfd7 16. f4 Bh4 17. Bxh4 Qxh4 18. g3 Qe7 19. Nd3 exf4 20. Nxf4 Ne5 21. Nf3
Nxf3+ 22. Qxf3 Nd7 23. Nd3 Ne5 24. Nxe5 dxe5 25. Rad1 Rad8 26. g4 Rd6 27. Rf2
Bc8 28. h3 Rfd8 29. Rdf1 Rf6 30. Qe3 Rxf2 31. Rxf2 Rd6 32. Kh2 Qh4 33. Qg3 Qg5
34. Qg2 Kf8 35. b4 h5 36. Be2 h4 37. bxa5 bxa5 38. Bb5 Rf6 39. Rxf6 Qxf6 40.
Qf1 Qxf1 41. Bxf1 Bd7 42. c4 Bxa4 43. c5 Bc2 44. Bb5 Ke7 0-1

[Event "34. Abierto Collado Villalba 2017"]
[Site "Collado Villalba ESP"]
[Date "2017.08.30"]
[Round "9.6"]
[White "Villacorta Nicolas, David"]
[Black "Perez Ordoñez, Jose Ramon"]
[Result "1/2-1/2"]
[WhiteElo "2048"]
[BlackElo "2120"]
[PlyCount "69"]
[EventDate "2017.08.22"]
[EventType "swiss"]
[EventRounds "9"]
[EventCountry "ESP"]
[SourceTitle "Ajedrez en Madrid"]
[Source "lmi"]
[SourceDate "2017.08.22"]
[SourceVersion "1"]
[SourceVersionDate "2018.03.05"]
[SourceQuality "1"]

1. e4 c5 2. Nf3 d6 3. d4 cxd4 4. Nxd4 Nf6 5. Nc3 a6 6. h3 e5 7. Nde2 h5 8. Bg5
Be6 9. Bxf6 Qxf6 10. Nd5 Qd8 11. Nec3 g6 12. Bc4 Bh6 13. O-O O-O 14. Qd3 Nc6
15. Rad1 Rc8 16. Bb3 Nd4 17. f4 Nxb3 18. axb3 Bxd5 19. Nxd5 exf4 20. Nxf4 Bxf4
21. Rxf4 Qg5 22. Rf2 Qe5 23. c3 Rce8 24. Qxd6 Qxe4 25. Qd5 Qe7 26. Qd7 Qe4 27.
Qa4 Qe3 28. Qd4 Qg5 29. Qf6 Qb5 30. b4 Re6 31. Qd4 Qe8 32. Qd2 Qe7 33. Qd7 Re1+
34. Rf1 Qe3+ 35. Kh1 1/2-1/2

[Event "34. Abierto Collado Villalba 2017"]
[Site "Collado Villalba ESP"]
[Date "2017.08.30"]
[Round "9.7"]
[White "Rodriguez Melendez, Juan Humbert"]
[Black "Correas Gonzalez, Jose Ramon"]
[Result "1-0"]
[WhiteElo "2160"]
[BlackElo "2018"]
[PlyCount "75"]
[EventDate "2017.08.22"]
[EventType "swiss"]
[EventRounds "9"]
[EventCountry "ESP"]
[SourceTitle "Ajedrez en Madrid"]
[Source "lmi"]
[SourceDate "2017.08.22"]
[SourceVersion "1"]
[SourceVersionDate "2018.03.05"]
[SourceQuality "1"]

1. d4 Nf6 2. Nf3 g6 3. g3 Bg7 4. Bg2 d6 5. c4 O-O 6. Nc3 c6 7. O-O Qa5 8. Qb3
e5 9. dxe5 dxe5 10. Bd2 Qc7 11. Rfd1 Na6 12. h3 h6 13. Be3 Be6 14. Rac1 Nd7 15.
Nd5 Qb8 16. g4 Kh7 17. Qa3 Re8 18. b3 f5 19. gxf5 gxf5 20. Nc3 f4 21. Bd2 Nf6
22. Nh4 Qc8 23. Kh2 Kg8 24. Rg1 Qd8 25. Be1 Ng4+ 26. hxg4 Qxh4+ 27. Bh3 f3 28.
Ne4 Rf8 29. Qd6 Rae8 30. Rc3 Rf4 31. exf3 h5 32. Rg3 hxg4 33. Bd2 gxf3 34. Bxf4
exf4 35. Rxg7+ Kxg7 36. Rxf3 Bf5 37. Qd4+ Kf8 38. Nd6 1-0

[Event "34. Abierto Collado Villalba 2017"]
[Site "Collado Villalba ESP"]
[Date "2017.08.30"]
[Round "9.8"]
[White "Unciti Juan, Javier"]
[Black "Garrido Olivares, Ricard"]
[Result "0-1"]
[WhiteElo "2040"]
[BlackElo "2167"]
[PlyCount "74"]
[EventDate "2017.08.22"]
[EventType "swiss"]
[EventRounds "9"]
[EventCountry "ESP"]
[SourceTitle "Ajedrez en Madrid"]
[Source "lmi"]
[SourceDate "2017.08.22"]
[SourceVersion "1"]
[SourceVersionDate "2018.03.05"]
[SourceQuality "1"]

1. e4 c6 2. d4 d5 3. f3 dxe4 4. fxe4 e5 5. Nf3 Bg4 6. Bc4 Bd6 7. c3 Nf6 8. O-O
Nbd7 9. h3 Bxf3 10. Qxf3 O-O 11. Be3 Qe7 12. Nd2 Rae8 13. Bd3 b5 14. Rae1 Nb6
15. Bc2 Nfd7 16. Qh5 c5 17. d5 c4 18. Bg5 f6 19. Bh4 Rf7 20. Qe2 Rc8 21. g4 Nf8
22. Bg3 g5 23. h4 Ng6 24. hxg5 fxg5 25. Rf5 Nf4 26. Qh2 Rg7 27. Nf3 Kh8 28.
Bxf4 gxf4 29. Qh5 Rcg8 30. g5 Nd7 31. Kf1 Bc7 32. Re2 Nf8 33. Ke1 Ng6 34. Kd1
b4 35. cxb4 Qxb4 36. Qh1 Qxb2 37. Re1 Ba5 0-1

[Event "34. Abierto Collado Villalba 2017"]
[Site "Collado Villalba ESP"]
[Date "2017.08.30"]
[Round "9.9"]
[White "Aziz Ortego, Omar Luis"]
[Black "Angelina Vela, Carlos"]
[Result "1/2-1/2"]
[WhiteElo "2069"]
[BlackElo "2098"]
[PlyCount "72"]
[EventDate "2017.08.22"]
[EventType "swiss"]
[EventRounds "9"]
[EventCountry "ESP"]
[SourceTitle "Ajedrez en Madrid"]
[Source "lmi"]
[SourceDate "2017.08.22"]
[SourceVersion "1"]
[SourceVersionDate "2018.03.05"]
[SourceQuality "1"]

1. c4 e5 2. Nc3 Nf6 3. e4 Bc5 4. Be2 O-O 5. d3 h6 6. Be3 d6 7. Bxc5 dxc5 8. Nf3
Re8 9. Nd2 Nc6 10. O-O Nd4 11. Nb3 Ne6 12. g3 g5 13. Nd5 Nd7 14. Bg4 c6 15. Ne3
Ndf8 16. Bf5 Qf6 17. Qh5 Ng7 18. Qh3 Qd6 19. Rad1 b6 20. f3 h5 21. Kh1 Ng6 22.
Rg1 Kf8 23. Bxc8 Raxc8 24. Nf5 Qe6 25. Nd2 Ne7 26. g4 h4 27. f4 exf4 28. Nf3 f6
29. N3xh4 gxh4 30. Qxh4 Ng8 31. Qh8 Rc7 32. Rdf1 Nxf5 33. gxf5 Qf7 34. Rxf4 Qh7
35. Rxg8+ Qxg8 36. Qxf6+ Qf7 1/2-1/2

[Event "34. Abierto Collado Villalba 2017"]
[Site "Collado Villalba ESP"]
[Date "2017.08.30"]
[Round "9.10"]
[White "Rodrigo Yanguas, Maria"]
[Black "Lopez De Turiso, Jose Angel"]
[Result "1-0"]
[WhiteElo "2076"]
[BlackElo "2035"]
[PlyCount "75"]
[EventDate "2017.08.22"]
[EventType "swiss"]
[EventRounds "9"]
[EventCountry "ESP"]
[SourceTitle "Ajedrez en Madrid"]
[Source "lmi"]
[SourceDate "2017.08.22"]
[SourceVersion "1"]
[SourceVersionDate "2018.03.05"]
[SourceQuality "1"]

1. e4 e5 2. Nf3 Nc6 3. Bc4 Nf6 4. d3 Be7 5. O-O O-O 6. Re1 d6 7. c3 Bg4 8. h3
Bh5 9. Nbd2 d5 10. exd5 Nxd5 11. g4 Bg6 12. Nxe5 Nxe5 13. Rxe5 Nb6 14. d4 Nxc4
15. Nxc4 f5 16. Bd2 fxg4 17. hxg4 Bf6 18. Re3 Bh4 19. f3 Qd5 20. Ne5 Bf7 21.
Qc2 Bf6 22. Nxf7 Rxf7 23. Qe4 Qd6 24. f4 Re7 25. Qxb7 Rf8 26. Rxe7 Bxe7 27. Qe4
Qd7 28. f5 Bd6 29. Qe6+ Qxe6 30. fxe6 Rf3 31. Re1 Kf8 32. Rf1 Bh2+ 33. Kg2 Rxf1
34. Kxf1 c6 35. c4 Ke7 36. d5 cxd5 37. cxd5 Bd6 38. a3 1-0

[Event "34. Abierto Collado Villalba 2017"]
[Site "Collado Villalba ESP"]
[Date "2017.08.30"]
[Round "9.11"]
[White "Cao Armillas, Jesus"]
[Black "Elguezabal Selioutin, Dario"]
[Result "1/2-1/2"]
[WhiteElo "2204"]
[BlackElo "1844"]
[PlyCount "107"]
[EventDate "2017.08.22"]
[EventType "swiss"]
[EventRounds "9"]
[EventCountry "ESP"]
[SourceTitle "Ajedrez en Madrid"]
[Source "lmi"]
[SourceDate "2017.08.22"]
[SourceVersion "1"]
[SourceVersionDate "2018.03.05"]
[SourceQuality "1"]

1. d4 d5 2. c4 dxc4 3. Nf3 Nf6 4. e3 e6 5. Bxc4 a6 6. Qe2 c5 7. O-O b5 8. Bd3
Bb7 9. a4 b4 10. Rd1 Nbd7 11. Nbd2 Be7 12. b3 cxd4 13. Nxd4 O-O 14. Bb2 Qb8 15.
Rac1 Ne5 16. Bb1 Neg4 17. Nf1 Ne5 18. f4 Ned7 19. Ng3 Nc5 20. Nh5 Nce4 21. Nc6
Bxc6 22. Rxc6 g6 23. Nxf6+ Nxf6 24. Be5 Qe8 25. Rxa6 Rxa6 26. Qxa6 Nd5 27. Qd3
Bc5 28. Bd4 Bxd4 29. Qxd4 Nc3 30. Re1 Qe7 31. e4 Rd8 32. Qe3 Qd6 33. e5 Qd2 34.
Qxd2 Rxd2 35. a5 Rb2 36. Bd3 Rxb3 37. Ra1 Ra3 38. Rxa3 bxa3 39. Bc4 Kf8 40. a6
Nb5 41. Kf1 Ke7 42. Ke1 Kd8 43. Kd2 Kc7 44. Kc2 Nd4+ 45. Kc3 Nf5 46. g3 h5 47.
Kb3 h4 48. gxh4 Nxh4 49. Kxa3 g5 50. fxg5 Nf3 51. h4 Nxh4 52. Bd3 Kb6 53. Kb4
Nf3 54. g6 1/2-1/2

[Event "34. Abierto Collado Villalba 2017"]
[Site "Collado Villalba ESP"]
[Date "2017.08.30"]
[Round "9.12"]
[White "Lacrosse, Marc"]
[Black "Garcia Galeote, Lorenzo"]
[Result "1-0"]
[WhiteElo "2173"]
[BlackElo "1985"]
[PlyCount "53"]
[EventDate "2017.08.22"]
[EventType "swiss"]
[EventRounds "9"]
[EventCountry "ESP"]
[SourceTitle "Ajedrez en Madrid"]
[Source "lmi"]
[SourceDate "2017.08.22"]
[SourceVersion "1"]
[SourceVersionDate "2018.03.05"]
[SourceQuality "1"]

1. d4 b6 2. e4 Bb7 3. Bd3 Nf6 4. Qe2 Nc6 5. c3 e5 6. d5 Ne7 7. Nf3 Ng6 8. h4 h5
9. Bg5 Bc5 10. Nbd2 c6 11. Nc4 Qc7 12. Rd1 cxd5 13. exd5 O-O 14. Bxg6 fxg6 15.
d6 Qc8 16. O-O Ng4 17. Ncxe5 Qe8 18. Qc4+ Kh8 19. Nxg4 hxg4 20. Qxg4 Qe2 21.
Rd2 Bxf3 22. gxf3 Qxf3 23. Qxf3 Rxf3 24. b4 Rxc3 25. bxc5 bxc5 26. Rb1 Rf3 27.
Rb7 1-0

[Event "34. Abierto Collado Villalba 2017"]
[Site "Collado Villalba ESP"]
[Date "2017.08.30"]
[Round "9.13"]
[White "Arauz Alonso, Fernando"]
[Black "Lopez Ziegler, Carlos"]
[Result "1/2-1/2"]
[WhiteElo "2140"]
[BlackElo "1852"]
[PlyCount "53"]
[EventDate "2017.08.22"]
[EventType "swiss"]
[EventRounds "9"]
[EventCountry "ESP"]
[SourceTitle "Ajedrez en Madrid"]
[Source "lmi"]
[SourceDate "2017.08.22"]
[SourceVersion "1"]
[SourceVersionDate "2018.03.05"]
[SourceQuality "1"]

1. d4 d5 2. c4 c6 3. Nc3 Nf6 4. cxd5 cxd5 5. Bf4 Nc6 6. e3 Bf5 7. Qb3 Na5 8.
Bb5+ Bd7 9. Qa4 Nc6 10. Nf3 a6 11. Bxc6 Bxc6 12. Qb3 e6 13. O-O Nd7 14. Rfc1
Be7 15. Ne2 Rc8 16. Rc2 f6 17. Rac1 Kf7 18. Bg3 Qb6 19. Qxb6 Nxb6 20. h4 Ba4
21. Rxc8 Rxc8 22. Rxc8 Nxc8 23. Nc3 Bc6 24. Kf1 Nd6 25. Bxd6 Bxd6 26. Ke2 b5
27. a3 1/2-1/2

[Event "34. Abierto Collado Villalba 2017"]
[Site "Collado Villalba ESP"]
[Date "2017.08.30"]
[Round "9.14"]
[White "Zhou, Lulu"]
[Black "Robles Diaz, Jose Alberto"]
[Result "0-1"]
[WhiteElo "1928"]
[BlackElo "2088"]
[PlyCount "82"]
[EventDate "2017.08.22"]
[EventType "swiss"]
[EventRounds "9"]
[EventCountry "ESP"]
[SourceTitle "Ajedrez en Madrid"]
[Source "lmi"]
[SourceDate "2017.08.22"]
[SourceVersion "1"]
[SourceVersionDate "2018.03.05"]
[SourceQuality "1"]

1. e4 c5 2. Nf3 e6 3. d4 cxd4 4. Nxd4 a6 5. Bd3 Nc6 6. Be3 Nf6 7. Nc3 Bb4 8.
O-O Qc7 9. a3 Bd6 10. h3 O-O 11. Nb3 Be7 12. f4 d6 13. g4 Nd7 14. Rf2 b5 15. g5
b4 16. axb4 Nxb4 17. h4 d5 18. e5 Nc5 19. Nc1 Rb8 20. Rb1 Rd8 21. Bd4 Nc6 22.
N3e2 Ne4 23. Rg2 Nxd4 24. Nxd4 Nc3 25. Qg4 Nxb1 26. g6 fxg6 27. Kh2 Bc5 28.
Nxe6 Qe7 29. f5 Bxe6 30. fxe6 Rb6 31. h5 Qxe6 32. Qg5 Re8 33. Re2 gxh5 34. c3
Qh6 35. Qxh6 Rxh6 36. Bxb1 Rhe6 37. Nd3 Bd6 38. Ba2 Bxe5+ 39. Kg2 R6e7 40.
Bxd5+ Kh8 41. c4 Bd4 0-1

[Event "34. Abierto Collado Villalba 2017"]
[Site "Collado Villalba ESP"]
[Date "2017.08.30"]
[Round "9.16"]
[White "Perez Pascual, Arturo"]
[Black "Rojas Pozo, Jose Luis"]
[Result "1-0"]
[WhiteElo "1832"]
[BlackElo "1957"]
[PlyCount "84"]
[EventDate "2017.08.22"]
[EventType "swiss"]
[EventRounds "9"]
[EventCountry "ESP"]
[SourceTitle "Ajedrez en Madrid"]
[Source "lmi"]
[SourceDate "2017.08.22"]
[SourceVersion "1"]
[SourceVersionDate "2018.03.05"]
[SourceQuality "1"]

1. e4 c6 2. d4 d5 3. e5 Bf5 4. Nc3 a6 5. g4 Bd7 6. f4 h5 7. g5 g6 8. Bd3 e6 9.
Be3 b5 10. Nf3 Qb6 11. Ne2 c5 12. dxc5 Bxc5 13. Bxc5 Qxc5 14. Ned4 Ne7 15. c3
Nbc6 16. Rc1 Rc8 17. Ke2 O-O 18. Qd2 Qb6 19. b4 Nxd4+ 20. Nxd4 Rc7 21. Nb3 Rfc8
22. Nc5 Rxc5 23. bxc5 Rxc5 24. Qe3 Nc6 25. Rhd1 Na5 26. Rb1 Qc7 27. Rdc1 Bc8
28. Qd4 Qc6 29. Rb4 Kh7 30. Kd2 Kg7 31. Be2 Nc4+ 32. Ke1 Nb6 33. Rb3 Na4 34.
Kd2 Nb6 35. Ke1 Na4 36. Rc2 Nb6 37. Kf2 Nc4 38. Kg1 a5 39. Bd3 a4 40. Rb4 a3
41. Rf2 Nb2 42. Rb3 Na4 1-0

[Event "34. Abierto Collado Villalba 2017"]
[Site "Collado Villalba ESP"]
[Date "2017.08.30"]
[Round "9.17"]
[White "Perez Gonzalez, Jesus Miguel"]
[Black "Andrade Sandoval, Jim Carlos"]
[Result "0-1"]
[WhiteElo "1599"]
[BlackElo "1947"]
[PlyCount "120"]
[EventDate "2017.08.22"]
[EventType "swiss"]
[EventRounds "9"]
[EventCountry "ESP"]
[SourceTitle "Ajedrez en Madrid"]
[Source "lmi"]
[SourceDate "2017.08.22"]
[SourceVersion "1"]
[SourceVersionDate "2018.03.05"]
[SourceQuality "1"]

1. c4 e6 2. Nc3 d5 3. Nf3 Nf6 4. cxd5 exd5 5. e3 c6 6. d4 Bf5 7. g3 Nbd7 8. Bg2
Bd6 9. O-O Ne4 10. Nd2 Ndf6 11. f3 Nxd2 12. Bxd2 O-O 13. e4 dxe4 14. fxe4 Bg4
15. Bf3 Bxf3 16. Rxf3 Be7 17. Be1 b5 18. e5 Nd5 19. Bf2 Qd7 20. Kg2 Rae8 21.
Ne4 f6 22. Rc1 fxe5 23. Rxf8+ Rxf8 24. dxe5 Qf5 25. Qc2 Qf3+ 26. Kg1 Nb4 27.
Qb3+ Qxb3 28. axb3 a6 29. Bc5 Nd3 30. Rc3 Bxc5+ 31. Nxc5 Nxe5 32. Nxa6 Rd8 33.
Nb4 Rd1+ 34. Kg2 Rd2+ 35. Kh3 Rxb2 36. Re3 Rxh2+ 37. Kxh2 Ng4+ 38. Kg1 Nxe3 39.
Nxc6 Kf7 40. Kf2 Nd5 41. Kf3 Kf6 42. Ke4 Nc7 43. Kf4 Ne6+ 44. Kf3 Kg5 45. Kg2
Kg4 46. Kf2 Nc5 47. Nd4 Ne4+ 48. Kg2 Nxg3 49. Nxb5 Nf5 50. Nc7 Ne3+ 51. Kf2 Nc2
52. Nd5 Kf5 53. Kg3 g5 54. Ne7+ Ke6 55. Kg4 Kxe7 56. Kxg5 Kf7 57. Kf4 Kf6 58.
Kg4 Kg6 59. Kh4 h5 60. Kg3 Kg5 0-1

[Event "34. Abierto Collado Villalba 2017"]
[Site "Collado Villalba ESP"]
[Date "2017.08.30"]
[Round "9.18"]
[White "Tarrio Ocaña, Jose Manuel"]
[Black "Perez Vazquez, Manuel"]
[Result "1/2-1/2"]
[WhiteElo "1869"]
[BlackElo "1856"]
[PlyCount "130"]
[EventDate "2017.08.22"]
[EventType "swiss"]
[EventRounds "9"]
[EventCountry "ESP"]
[SourceTitle "Ajedrez en Madrid"]
[Source "lmi"]
[SourceDate "2017.08.22"]
[SourceVersion "1"]
[SourceVersionDate "2018.03.05"]
[SourceQuality "1"]

1. e4 Nf6 2. e5 Nd5 3. d4 d6 4. Nf3 g6 5. c4 Nb6 6. Nc3 dxe5 7. Nxe5 Bg7 8. Be2
Bxe5 9. dxe5 Qxd1+ 10. Nxd1 Nc6 11. f4 Nd4 12. Ne3 Nxe2 13. Kxe2 Bf5 14. Nxf5
gxf5 15. b3 a5 16. Be3 Nd7 17. Bd4 e6 18. Rhd1 O-O-O 19. Bf2 Rhg8 20. Kf3 Nb8
21. Bh4 Rxd1 22. Rxd1 b6 23. Bf2 Kb7 24. a3 Kc6 25. b4 axb4 26. axb4 Kb7 27. b5
Kc8 28. c5 bxc5 29. Bxc5 Nd7 30. Bf2 Nb6 31. Bxb6 cxb6 32. Rd6 Kc7 33. h3 h5
34. g3 Ra8 35. Rc6+ Kb7 36. Rc3 Ra5 37. Rb3 Kc7 38. g4 fxg4+ 39. hxg4 hxg4+ 40.
Kxg4 Kd7 41. f5 exf5+ 42. Kxf5 Ke7 43. Rb4 Ra1 44. Rc4 Rf1+ 45. Ke4 Rb1 46.
Rc7+ Ke8 47. Kf5 Rxb5 48. Kf6 Rb1 49. Re7+ Kd8 50. Rxf7 Rf1+ 51. Ke6 Re1 52.
Rd7+ Kc8 53. Rd5 Kc7 54. Ke7 Kc6 55. Rd6+ Kc5 56. e6 b5 57. Kd7 b4 58. e7 Rxe7+
59. Kxe7 b3 60. Rd8 Kc4 61. Rb8 Kc3 62. Rc8+ Kd2 63. Rb8 Kc2 64. Rc8+ Kd2 65.
Rb8 Kc2 1/2-1/2

[Event "34. Abierto Collado Villalba 2017"]
[Site "Collado Villalba ESP"]
[Date "2017.08.30"]
[Round "9.19"]
[White "Rodriguez De Robles, Ignacio"]
[Black "Fernandez Aransay, Fernando"]
[Result "1-0"]
[WhiteElo "1858"]
[BlackElo "1844"]
[PlyCount "71"]
[EventDate "2017.08.22"]
[EventType "swiss"]
[EventRounds "9"]
[EventCountry "ESP"]
[SourceTitle "Ajedrez en Madrid"]
[Source "lmi"]
[SourceDate "2017.08.22"]
[SourceVersion "1"]
[SourceVersionDate "2018.03.05"]
[SourceQuality "1"]

1. e4 c5 2. Nf3 d6 3. d4 cxd4 4. Nxd4 Nf6 5. Nc3 g6 6. Bc4 Bg7 7. Be3 O-O 8. f3
Nc6 9. Qd2 Bd7 10. O-O-O Rc8 11. Bb3 Ne5 12. g4 Bxg4 13. fxg4 Rxc3 14. Qxc3
Nxe4 15. Qe1 Nxg4 16. Kb1 a5 17. h3 Ne5 18. Qh4 Nc5 19. Bh6 Bf6 20. Qg3 Re8 21.
c3 Nxb3 22. Nxb3 a4 23. Nd4 a3 24. b3 Qb6 25. Bc1 Ra8 26. h4 h5 27. Bg5 Ng4 28.
Bxf6 Nxf6 29. Rhe1 e5 30. Nf5 Rd8 31. Ne7+ Kg7 32. Nd5 Nxd5 33. Rxd5 Rc8 34.
Red1 Rc6 35. c4 Rxc4 36. Rxd6 1-0

[Event "34. Abierto Collado Villalba 2017"]
[Site "Collado Villalba ESP"]
[Date "2017.08.30"]
[Round "9.20"]
[White "Martinez Belen, Alejandro"]
[Black "Lopez Heras, Arturo"]
[Result "1-0"]
[WhiteElo "1800"]
[BlackElo "1890"]
[PlyCount "107"]
[EventDate "2017.08.22"]
[EventType "swiss"]
[EventRounds "9"]
[EventCountry "ESP"]
[SourceTitle "Ajedrez en Madrid"]
[Source "lmi"]
[SourceDate "2017.08.22"]
[SourceVersion "1"]
[SourceVersionDate "2018.03.05"]
[SourceQuality "1"]

1. d4 Nf6 2. c4 g6 3. Nf3 Bg7 4. g3 c5 5. Nc3 cxd4 6. Nxd4 O-O 7. Bg2 Nc6 8.
O-O a6 9. e4 Rb8 10. Nxc6 dxc6 11. a4 Be6 12. Qe2 Qd4 13. c5 Bc4 14. Rd1 Qxc3
15. bxc3 Bxe2 16. Rd2 Bg4 17. h3 Be6 18. Bb2 Nd7 19. Rad1 Nxc5 20. a5 Nb3 21.
Re2 Nxa5 22. e5 Nc4 23. f4 Rbd8 24. Rd4 Rd7 25. Ba1 Rfd8 26. g4 c5 27. Rxd7
Rxd7 28. Re1 b6 29. Be4 Nd2 30. f5 Bd5 31. e6 fxe6 32. fxe6 Rd6 33. Bh1 Rxe6
34. Bxd5 Nf3+ 35. Kf2 Nxe1 36. Bxe6+ Kf8 37. Kxe1 Ke8 38. Kd2 Kd8 39. Bf7 b5
40. Bb2 b4 41. Kc2 g5 42. cxb4 Bxb2 43. Kxb2 cxb4 44. Kb3 Kc7 45. Kxb4 Kd6 46.
Bc4 Ke5 47. Bxa6 Kf4 48. Bf1 Kg3 49. Kc4 h6 50. Kd5 Kf2 51. Bd3 Kg3 52. Bg6
Kxh3 53. Bh5 Kg3 54. Ke6 1-0

[Event "34. Abierto Collado Villalba 2017"]
[Site "Collado Villalba ESP"]
[Date "2017.08.30"]
[Round "9.21"]
[White "Cardena Contreras, Javier"]
[Black "Andrade Sandoval, Bianca"]
[Result "1-0"]
[WhiteElo "1925"]
[BlackElo "1880"]
[PlyCount "49"]
[EventDate "2017.08.22"]
[EventType "swiss"]
[EventRounds "9"]
[EventCountry "ESP"]
[SourceTitle "Ajedrez en Madrid"]
[Source "lmi"]
[SourceDate "2017.08.22"]
[SourceVersion "1"]
[SourceVersionDate "2018.03.05"]
[SourceQuality "1"]

1. e4 c5 2. Nf3 e6 3. d4 cxd4 4. Nxd4 a6 5. Bd3 b5 6. O-O Bb7 7. c3 d6 8. Qe2
Nf6 9. Bg5 Be7 10. Nd2 Nbd7 11. f4 Qc7 12. Rae1 Nc5 13. Bc2 h6 14. Bxf6 Bxf6
15. N2f3 Rc8 16. e5 dxe5 17. Nxe5 O-O 18. Kh1 Rfd8 19. Qg4 Rd5 20. b4 Bxe5 21.
fxe5 f5 22. Nxf5 exf5 23. Qxf5 g5 24. bxc5 Rd2 25. Qe6+ 1-0

[Event "34. Abierto Collado Villalba 2017"]
[Site "Collado Villalba ESP"]
[Date "2017.08.30"]
[Round "9.22"]
[White "Perez Cameselle, Francisco Jose"]
[Black "Tevar Sanz, Gonzalo"]
[Result "0-1"]
[WhiteElo "1789"]
[BlackElo "1749"]
[PlyCount "68"]
[EventDate "2017.08.22"]
[EventType "swiss"]
[EventRounds "9"]
[EventCountry "ESP"]
[SourceTitle "Ajedrez en Madrid"]
[Source "lmi"]
[SourceDate "2017.08.22"]
[SourceVersion "1"]
[SourceVersionDate "2018.03.05"]
[SourceQuality "1"]

1. d4 Nf6 2. c4 d5 3. cxd5 Bf5 4. Nf3 Nxd5 5. g3 Qc8 6. Bg2 Bh3 7. O-O Bxg2 8.
Kxg2 e6 9. Nc3 Nxc3 10. bxc3 c5 11. Bf4 Be7 12. e4 O-O 13. Qe2 Bf6 14. Rac1 Rd8
15. Rfd1 Qc6 16. d5 exd5 17. exd5 Qa6 18. c4 Nd7 19. Qc2 Re8 20. Re1 Rxe1 21.
Rxe1 b5 22. Qf5 Qb7 23. cxb5 Qxb5 24. Rb1 Qa4 25. Rb7 Rd8 26. Bc7 g6 27. Qb1
Re8 28. Bf4 Nb6 29. d6 c4 30. Be3 Qc6 31. Rxa7 Nd5 32. Bd4 Bxd4 33. d7 Rd8 34.
Qe4 Ne3+ 0-1